| 000 | 01757nam a2200433Ii 4500 | ||
|---|---|---|---|
| 001 | DIGRBN0076 | ||
| 003 | NyNyDIG | ||
| 008 | 150526t20062006sp ob 000 0 spa d | ||
| 006 | m o d | ||
| 007 | cr ||||||||||| | ||
| 040 |
_aDGITA _beng _erda _epn _cDGITA |
||
| 020 | _z8497426096 | ||
| 020 | _z9788497426091 | ||
| 043 | _ae-sp--- | ||
| 050 | 1 | 4 | _aLC1007 eBook |
| 100 | 1 |
_aMontesino, Pablo, _d1781-1849, _eauthor. |
|
| 245 | 1 | 0 |
_aLiberalismo y educación del pueblo / _cPablo Montesino ; edición y estudio introductorio de Bernat Sureda García. |
| 264 | 1 |
_aMadrid : _bBiblioteca Nueva, _c[2006] |
|
| 264 | 4 | _c©2006 | |
| 300 | _a1 online resource (329 pages) | ||
| 336 |
_atext _btxt _2rdacontent |
||
| 337 |
_acomputer _bc _2rdamedia |
||
| 338 |
_aonline resource _bcr _2rdacarrier |
||
| 490 | 1 |
_aMemoria y crítica de la educación. Serie Clásicos de la educación ; _v10 |
|
| 504 | _aIncludes bibliographical references. | ||
| 588 | 0 | _aOnline resource; title from PDF title page (Digitalia, viewed May 26, 2015) | |
| 600 | 1 | 0 |
_aMontesino, Pablo, _d1781-1849. |
| 650 | 0 |
_aEducation, Humanistic _zSpain. |
|
| 650 | 0 |
_aTeachers _xTraining of _zSpain. |
|
| 655 | 0 | _aElectronic books. | |
| 700 | 1 |
_aSureda Garcia, Bernat, _eeditor. |
|
| 776 | 0 | 8 |
_iPrint version: _aMontesino, Pablo. _tLiberalismo y educación del pueblo. _dMadrid : Biblioteca Nueva, [2006] _z9788497426091 _w(OCoLC)85535371. |
| 791 | 2 |
_aDigitalia (Firm), _edistributor. |
|
| 793 | 0 |
_gDigitalia eBook Collection: _aBiblioteca Nueva |
|
| 830 | 0 |
_aMemoria y crítica de la educación. _pSerie Clásicos de la educación ; _v10. |
|
| 856 | 4 | 0 |
_3Digitalia Hispánica _uhttps://www.digitaliapublishing.com/a/5349/ |
| 910 | _aPremium Collection: 2015 | ||
| 942 | _cRAA | ||
| 999 |
_c231143 _d231143 |
||